| 000 | 00562cam a22001935a 4500 | ||
|---|---|---|---|
| 001 | L156334 | ||
| 008 | 120514s1852 xxk f 000 0 eng d | ||
| 035 | _a(Sirsi) u156334 | ||
| 041 | 0 | _aeng | |
| 100 | 1 |
_aStephens, Henry _d1795-1874 |
|
| 245 | 0 | 4 | _aThe book of the farm |
| 250 | _a2nd ed. | ||
| 260 |
_aEdinburgh and London _bW. Blackwood and sons _c1852 |
||
| 300 |
_a2 v. _bill. 14 pl. (incl. fronts.) _c25 cm |
||
| 583 |
_aCondition reviewed _c20120620 _lcondition level 1 and 1 |
||
| 651 | 4 |
_aGreat Britain _y1707- |
|
| 690 |
_aRural _96268 |
||
| 942 | _n0 | ||
| 999 |
_c114190 _d114190 |
||